La masonería en la España del siglo XX / (Record no. 13298)

MARC details
000 -LEADER
campo de control de longitud fija 00892nam a2200217 i 4500
001 - NÚMERO DE CONTROL
campo de control 13298
003 - IDENTIFICADOR DE NÚMERO DE CONTROL
campo de control ES-MaACL
005 - FECHA Y HORA DE LA ÚLTIMA TRANSACCIÓN
campo de control 20230906150537.0
007 - CAMPO FIJO DE DESCRIPCIÓN FÍSICA--INFORMACIÓN GENERAL
campo de control de longitud fija t|
008 - DATOS DE LONGITUD FIJA--INFORMACIÓN GENERAL
campo de control de longitud fija 980127s1996 sp ||||1| spa d
020 ## - NÚMERO INTERNACIONAL ESTÁNDAR DEL LIBRO
Número Internacional Estándar del Libro 84-89492-44-1
080 ## - NÚMERO DE LA CLASIFICACIÓN DECIMAL UNIVERSAL
Número de la Clasificación Decimal Universal 061.236.61(460)"19"(063)
111 2# - ENTRADA PRINCIPAL--NOMBRE DE CONGRESO/REUNIÓN
Nombre de congreso/reunión o jurisdicción como elemento de entrada Symposium Internacional de Historia de la Masonería Española (
Número del congreso/reunión o número de parte o sección 7º.
Fecha del congreso o de la firma del tratado 1995.
Sede del congreso/Lugar de la reunión Toledo)
9 (RLIN) 1104
245 13 - MENCIÓN DEL TÍTULO
Título La masonería en la España del siglo XX /
Mención de responsabilidad, etc. VII Symposium Internacional de Historia de la Masonería Española, Toledo del 17 al 20 de abril de 1995 ; J. A. Ferrer Benimeli, coordinador.
260 ## - PUBLICACIÓN, DISTRIBUCIÓN, ETC.
Lugar de publicación, distribución, etc. Toledo :
Nombre del editor, distribuidor, etc. Universidad de Castilla-La Mancha [etc.],
Fecha de publicación, distribución, etc. 1996.
300 ## - DESCRIPCIÓN FÍSICA
Extensión 2 v. ;
Dimensiones 25 cm.
610 2# - PUNTO DE ACCESO ADICIONAL DE MATERIA--NOMBRE DE ENTIDAD CORPORATIVA
Nombre de entidad corporativa o nombre de jurisdicción como elemento de entrada Masonería-
Subdivisión geográfica España-
Subdivisión cronológica S.XX.
9 (RLIN) 5664
700 1# - ENTRADA AGREGADA--NOMBRE PERSONAL
Nombre de persona Ferrer Benimeli, José A.
9 (RLIN) 50445
710 2# - ENTRADA AGREGADA--NOMBRE DE ENTIDAD CORPORATIVA
Nombre de entidad corporativa o nombre de jurisdicción como elemento de entrada Universidad de Castilla-La Mancha.
9 (RLIN) 144367
852 ## - LOCALIZACIÓN
Ubicación ES-MaACL
Número de control de estantería L-20655-56
Sublocalización o colección R.125784
Holdings
Estatus retirado Estado de pérdida Estado de daño No para préstamo Biblioteca de origen Biblioteca actual Ubicación en estantería Fecha de adquisición Fuente de adquisición Total de préstamos Signatura topográfica completa Código de barras Visto por última vez Precio de reemplazo Tipo de ítem Koha
        Biblioteca del Ateneo de Madrid Biblioteca del Ateneo de Madrid Depósito 2 17/01/2008     L-20655-56 1013541 23/02/2023 23/02/2023 Libro impreso